LEADER 05778nam 2200589 450 001 9910271047203321 005 20231222062022.0 010 $a1-118-97442-5 010 $a1-118-97443-3 010 $a1-118-97441-7 035 $a(CKB)4330000000007799 035 $a(Safari)9781118974452 035 $a(OCoLC)1031279430 035 $a(MiAaPQ)EBC5107288 035 $a(CaSebORM)9781118974452 035 $a(EXLCZ)994330000000007799 100 $a20171117h20182018 uy 0 101 0 $aeng 135 $aurunu|||||||| 181 $ctxt$2rdacontent 182 $cc$2rdamedia 183 $acr$2rdacarrier 200 00$aSocial systems engineering $ethe design of complexity /$fedited by Cesar Garci?a-Di?az, Camilo Olaya 205 $a1st edition 210 1$aHoboken, New Jersey :$cWiley,$d2018. 210 4$d©2018 215 $a1 online resource (1 volume) $cillustrations 225 1 $aWiley Series in Computational and Quantitative Social Science 225 1 $aTHEi Wiley ebooks 311 $a1-118-97445-X 320 $aIncludes bibliographical references at the end of each chapters and index. 327 $aIntroduction : The why, what and how of social systems engineering / César García-Díaz and Camilo Olaya -- Social systems engineering : the very idea. Compromised exactness and the rationality of engineering / Steven L. Goldman ; Uncertainty in the design and maintenance of social systems / William M. Bulleit ; System farming / Bruce Edmonds ; Policy between evolution and engineering / Martin F.G. Schaffernicht ; 'Friend' versus 'electronic friend' / Joseph C. Pitt -- Methodologies and tools. Interactive visualizations for supporting decision-making in complex socio-technical systems / Zhongyuan Yu, Mehrnoosh Oghbaie, Chen Liu, William B. Rouse and Michael J. Pennock ; Developing agent-based simulation models for social systems engineering studies : a novel framework and its application to modelling peacebuilding activities / Peer-Olaf Siebers, Grazziela P. Figueredo, Miwa Hirono and Anya Skatova ; Using actor-network theory in agent-based modelling / Sandra Méndez-Fajardo, Rafael A. Gonzalez and Ricardo A. Barros-Castro ; Engineering the process of institutional innovation in contested territory / Russell C. Thomas and John S. Gero -- Cases and applications. Agent-based exploration of environmental consumption in segregated networks / Adam Douglas Henry and Heike I. Brugger ; Modelling in the 'muddled middle' : a case study of water service delivery in post-apartheid South Africa / Jai K. Clifford-Holmes, Jill H. Slinger, Chris de Wet and Carolyn G. Palmer ; Holistic system design : the Oncology Carinthia study / Markus Schwaninger and Johann Klocker ; Reinforcing the social in social systems engineering : lessons learnt from Smart City projects in the United Kingdom / Jenny O'Connor, Zeynep Gurguc and Koen H. van Dam. 330 $aUniquely reflects an engineering view to social systems in a wide variety of contexts of application Social Systems Engineering: The Design of Complexity brings together a wide variety of application approaches to social systems from an engineering viewpoint. The book defines a social system as any complex system formed by human beings. Focus is given to the importance of systems intervention design for specific and singular settings, the possibilities of engineering thinking and methods, the use of computational models in particular contexts, and the development of portfolios of solutions. Furthermore, this book considers both technical, human and social perspectives, which are crucial to solving complex problems. Social Systems Engineering: The Design of Complexity provides modelling examples to explore the design aspect of social systems. Various applications are explored in a variety of areas, such as urban systems, health care systems, socio-economic systems, and environmental systems. It covers important topics such as organizational design, modelling and intervention in socio-economic systems, participatory and/or community-based modelling, application of systems engineering tools to social problems, applications of computational behavioral modeling, computational modelling and management of complexity, and more. Highlights an engineering view to social systems (as opposed to a ?scientific? view) that stresses the importance of systems intervention design for specific and singular settings Divulges works where the design, re-design, and transformation of social systems constitute the main aim, and where joint considerations of both technical and social perspectives are deemed important in solving social problems Features an array of applied cases that illustrate the application of social systems engineering in different domains Social Systems Engineering: The Design of Complexity is an excellent text for academics and graduate students in engineering and social science?specifically, economists, political scientists, anthropologists, and management scientists with an interest in finding systematic ways to intervene and improve social systems. 410 0$aWiley series in computational and quantitative social science. 410 0$aTHEi Wiley ebooks. 606 $aSocial engineering 606 $aSocial systems$xMathematical models 606 $aSystem theory 615 0$aSocial engineering. 615 0$aSocial systems$xMathematical models. 615 0$aSystem theory. 676 $a301 700 $aGarcía-Díaz$b César$01212800 702 $aGarci?a-Di?az$b Cesar 702 $aOlaya$b Camilo 801 0$bMiAaPQ 801 1$bMiAaPQ 801 2$bMiAaPQ 906 $aBOOK 912 $a9910271047203321 996 $aSocial systems engineering$92800737 997 $aUNINA